Darts player by picture 2 - Statistics

General Stats
  • This quiz has been taken 296 times
  • The average score is 13 of 16
Answer Stats
Picture Answer % Correct
Gerwyn Price
97%
Steven Bunting
97%
Gary Anderson
95%
Gian van Veen
93%
Damon Heta
90%
Johnny Clayton
88%
Danny Noppert
81%
Chris Dobey
80%
Fallon Sherrock
78%
Adrian Lewis
77%
Krzysztof Ratajski
73%
Mike de Decker
72%
Dirk van Duijvenbode
68%
Luke Woodhouse
64%
Ryan Joyce
53%
John Part
47%
No matching quizzes found
Score Distribution
Percent of People with Each Score
Percentile by Number Answered
Your Score History
You have not taken this quiz